Deportes más vistos en el Mundo - Estadísticas

Estadísticas generales
  • Esta prueba ha sido intentada 135 veces
  • La puntuación promedio es 6 de 10
Estadísticas de respuestas
Puesto Seguidores Respuesta % Correcto
3.500 M Fútbol
100%
2.200 M Baloncesto
89%
1.000 M Tenis
87%
400 M Fútbol Americano
77%
10º 400 M Rugby
69%
500 M Beisbol
66%
2.000 M Hockey hierba
54%
2.500 M Críquet
42%
900 M Voleibol
33%
900 M Ping pong
32%
No se encontraron pruebas coincidentes
Distribución de puntuación
Porcentaje de gente con cada puntuación
Porcentaje por número respondido
Historial de tus puntuaciones
No has intentado esta prueba.